Регионална библиотека "Любен Каравелов" - Русе

Зърненото производство в България (Запис номер 199173)

MARC детайли
000 -Лидер
Контролно поле с фиксирана дължина 02036nam a2200373 c 4500
003 - Код на организацията, давaща контролен номер
Контролно поле BLK
005 - Дата и час на последна редакция
Контролно поле 20180612170837.0
008 - Елементи от данни с фиксирана дължина
fixed length control field 180411b bul|||||r ||||||| ||bul||
010 ## - Наследен системен номер
LC control number KNG00208550000
040 ## - Източник на каталожния запис
Идентификатор на билиотеката - собственик на записа BLK
041 ## - Код за език
Код за езика на текст/звукозапис или на отделно заглавие Български
Код за езика КДБФ Български
072 #7 - Код за тематичната категория
Код организация bullib
Код за тематична категория Н63
Текст Селско стопанство Н
080 ## - УДК
Текстов определител УДК Житни растения. Зърнени култури
УДК код - определител по УДК 633.1
УДК определител (497.2)
УДК - код + определител 633.1(497.2)
100 1# - Редна дума - Автор
Автор Попов, Павел
Авторска отговорност първи автор
R(LIN) 371136
139 ## - Редно поле
Редна дума Зърненото производство в България
Авторски знак Зъ - З 97
245 10 - Сведения за заглавието
Заглавие Зърненото производство в България
Подзаглавни данни Изследване
Редно поле (дума) Павел Попов.
257 ## - Страна на издаване
Страна на създаване/издаване България
260 ## - Област на издателските данни
-- София
Име на издателя, разпространителя и проч. Земиздат
Година на издаване 1984
300 ## - Физическа характеристика
Страници 304 с.
Илюстрации и др. с табл., диагр.
Размери/Мащаб 20 см
380 ## - Жанр
Жанр Селско стопанство
500 ## - Общи забележки
Забележка Други авт. : Д. Димитров, К. Петров, А. Караиванов, С. Запрянов, А. Василев, Г. Койнов, Н. Томов, М. Лазаров, Х. Горанов, С. Калайджиева, Д. Джумалиева, Б. Симеонов, М. Петрова, Г. Стериков, С. Димов, Я. Любенов, Н. Дончев, А. Попов, Д. Генчев, С. Григоров, П. Палазов, Д. Челеев, Л. Ангелова, М. Пеев, Г. Руньов, П. Щерев, Б. Граматиков ; Други ред. : Д. Димитров, Кр. Петров. - 840 тир. - Библиогр. след отд. гл.
650 #4 - Допълнително описание по предмет – тема
Основно описание – тема или топоним Зърнени култури - производство - България
9 (RLIN) 318119
651 #4 - Допълнително описание по предмет - топоним
Географско понятие България
9 (RLIN) 241624
653 ## - Ключова дума – ненормативна
Ключова дума зърнени култури
653 ## - Ключова дума – ненормативна
Ключова дума зърно
653 ## - Ключова дума – ненормативна
Ключова дума зърнопреработване
653 ## - Ключова дума – ненормативна
Ключова дума зърнопроизводство
659 ## - Тематичен бюлетин
Тематичен бюлетин Н
852 ## - Местоположение
Форматна сигнатура Цб 133409
856 4# - Електронен адрес и достъп
Електронен формат pdf - файл
Път до файла /url/
856 4# - Електронен адрес и достъп
Електронен формат pdf - файл
Път до файла /url/
942 ## - АРТИКУЛИ
Вид на библиотечния материал Книги
Скрит в OPAC Не
Koha issues (borrowed), all copies 1
944 ## - СЪЗДАВАНЕ И РЕДАКЦИЯ на ЗАПИСА
Създаване/Редакция Създаване
Дата на регистрацията/редакция 26.06.2017
Служител, извършил регистрацията/редакцията Нора_Радева
944 ## - СЪЗДАВАНЕ И РЕДАКЦИЯ на ЗАПИСА
Създаване/Редакция Редакция
Дата на регистрацията/редакция 08.02.2018
Служител, извършил регистрацията/редакцията Симона_Петрова
999 ## - СИСТЕМНИ КОНТРОЛНИ НОМЕРА
Koha biblionumber 199173
Koha biblioitemnumber 199173
Наличности
Код за отписване Код за изгубен артикул Източник на класификационната схема Код за повреда Коз за рестрикции Код за отдаване Артикулен № Име на библиотеката - собственик Име на библиотеката, в която се намира в момента Статус (Текущо местоположение) Дата на вписване в системата Местоположение - отдел Цена в лева Инвентарен номер Систематично азбучна сигнатура Баркод Номер на екземпляра Цена в евро Служебна бележка Служебен тип на артикула
  Не е изгубен Universal Decimal Classification Не е повреден без рестрикции ползва се в читалня 346022 Регионална библиотека "Любен Каравелов" Русе Регионална библиотека "Любен Каравелов" Русе Хранилище 1984-01-01 Хранилище 2.88 425168 Цб 133409 120000425168 1 1.47 Дост: Dp Вид: Д N: стар фонд Дата: 01.01.1984 Книги
Изтеглен Не е изгубен Universal Decimal Classification Не е повреден без рестрикции заемане за дома 346023 Регионална библиотека "Любен Каравелов" Русе Регионална библиотека "Любен Каравелов" Русе Заемна - подръчен фонд 1984-01-01 Заемна - подръчен фонд 2.88 425570 П 633.1/З 97 425570 2 1.47 Дост: DA Вид: А N: стар фонд Дата: 01.01.1984 Книги
Изтеглен Не е изгубен Universal Decimal Classification Не е повреден без рестрикции заемане за дома 346024 Регионална библиотека "Любен Каравелов" Русе Регионална библиотека "Любен Каравелов" Русе Заемна - подръчен фонд 1984-01-01 Заемна - подръчен фонд 2.88 425572 П 633.1/З 97 425572 3 1.47 Дост: DA Вид: А N: стар фонд Дата: 01.01.1984 Дата инв: 08.02.2018 Бележки инв: П2018 Книги
Изтеглен Не е изгубен Universal Decimal Classification Не е повреден без рестрикции заемане за дома 346025 Регионална библиотека "Любен Каравелов" Русе Регионална библиотека "Любен Каравелов" Русе Заемна - подръчен фонд 1984-01-01 Заемна - подръчен фонд 2.88 425573 П 633.1/З 97 425573 4 1.47 Дост: DA Вид: А N: стар фонд Дата: 01.01.1984 Дата инв: 08.02.2018 Бележки инв: П2018 Книги
Vip Innovations Ltd, Rousse, Bulgaria 2025